1537 1608 1818 1978 1778 1262 1014 1847 1776 1515 1467 1557 1412 1558 1123 1836 1701 1066 1372 1548 1562 1412 1180 1984 1134 1767 1240 1960 1716 1177 1995 1500 1455 1214 1612 1978 1571 1750 1649 1709 1232 1385 1798 1124 1862 1353 1314 1552 1421 1597 1528 1205 1966 1851 1688 1396 1034 1392 1125 1345 1819 1844 1552 1903 1161 1005 1075 1788 1166 1654 1198 1774 1832 1064 1683 1945 1108 1635 1184 1634 1037 1034 1850 1152 1460 1870 1856 1891 1810 1646 1364 1996 1379 1132 1167 1909 1405 1317 1764 BCNSPRNW ULIB Ver.6.0+V

เปลี่ยนเป็นภาษาไทย

Change to English
 แสดงรายละเอียดบรรณานุกรม
  กลับหน้าหลัก

Brief Record : Get Marc (ISO 2709) : E-mail record : QR code < ปิดหน้าต่าง
LEADER : 00000nam 2200000uu 4500
001    13399113578
003     ULIB
008    111201s2549||||th 000 0 tha d
020    ^a9746453629(ล.1)
060  4 ^aWA32^bม246ก ล.1 2549
110 1  ^aมหาวิทยาลัยสุโขทัยธรรมาธิราช^bสาขาวิชาวิทยาศาสตร์สุขภาพ
245 00 ^aเอกสารการสอนชุดวิชา กฎหมายเกี่ยวกับสาธารณสุขสิ่งแวดล้อมและนิติเวชศาสตร์ หน่วยที่1-8=^bLaws related to public health,environmental health and forensic medicine/^cมหาวิทยาลัยสุโขทัยธรรมาธิราช
246 0  ^aLaws related to public health,environmental health and forensic medicine
250    ^aพิมพ์ครั้งที่ 4
260    ^aนนทบุรี:^bศูนย์หนังสือมหาวิทยาลัยสุโขทัยธรรมาธิราช,^c2549
300    ^a601 หน้า
650  7 ^aกฎหมายเกี่ยวกับสาธารณสุข
650  7 ^aนิติเวชศาสตร์
650  7 ^aกฎหมายสิ่งแวดล้อม
945    ^p0^l0^i14735
995    ^aกัณชพร
999    ^aใช้งานได้ทุกระบบ
รายการนี้ยังไม่มีแท็ก
คุณยังไม่ได้ล็อกอิน คุณสามารถมีกิจกรรมร่วมกับเว็บไซต์ได้ แต่ต้องล็อกอินก่อน ::
  ล็อกอิน

รายการสื่อสารสนเทศ

ลำดับที่ ประเภท เลขเรียก/บาร์โค้ด สถานที่ สถานะ
- ไม่พบข้อมูล -

รายการใกล้เคียง
    หัวเรื่อง [กฎหมายเกี่ยวกับสาธารณสุข]
    หัวเรื่อง [นิติเวชศาสตร์]
    หัวเรื่อง [กฎหมายสิ่งแวดล้อม]

BibComment


ยังไม่เคยถูกคอมเมนท์

คอมเมนท์ทรัพยากรรายการนี้
  คอมเมนท์: เอกสารการสอนชุดว..


 Copyright 2026. Bcnsprnw @Library